Transformación productiva con equidad : (Registro nro. 11698)

Detalles MARC
000 -LEADER
fixed length control field 01193nam a2200241Ia 4500
003 - CONTROL NUMBER IDENTIFIER
control field OSt
005 - DATE AND TIME OF LATEST TRANSACTION
control field 20210608143851.0
008 - FIXED-LENGTH DATA ELEMENTS--GENERAL INFORMATION
fixed length control field 210310s1990 cl ad gr 000 0 spa d
040 ## - CATALOGING SOURCE
Original cataloging agency CO-JMCR
Transcribing agency CO-JMCR
041 0# - LANGUAGE CODE
Language code of text/sound track or separate title spa
082 04 - DEWEY DECIMAL CLASSIFICATION NUMBER
Classification number 338.98 /
Item number C733t
Edition number 23
110 1# - MAIN ENTRY--CORPORATE NAME
Corporate name or jurisdiction name as entry element Naciones Unidas
9 (RLIN) 37599
245 10 - TITLE STATEMENT
Title Transformación productiva con equidad :
Remainder of title la tarea del desarrollo de América Latina y el Caribe en los años noventa /
Statement of responsibility, etc. Naciones Unidas ; Comisión Económica para América Latina y el Caribe
260 ## - PUBLICATION, DISTRIBUTION, ETC.
Place of publication, distribution, etc. Santiago de Chile :
Name of publisher, distributor, etc. Cepal,
Date of publication, distribution, etc. 1990.
300 ## - PHYSICAL DESCRIPTION
Extent 185 páginas :
Other physical details ilustraciones y gráficas en blanco y negro ;
Dimensions 24 cm.
504 ## - BIBLIOGRAPHY, ETC. NOTE
Bibliography, etc. note Bibliografía: páginas 181-185.
505 0# - FORMATTED CONTENTS NOTE
Formatted contents note El punto de partida. -- Principales condiciones para una transformación productiva con equidad social. -- Fundamentos de la transformación productiva con equidad social y dilemas que plantea. -- La transformación productiva y la integración económica.
650 14 - SUBJECT ADDED ENTRY--TOPICAL TERM
Topical term or geographic name entry element Equidad social.
9 (RLIN) 26222
650 24 - SUBJECT ADDED ENTRY--TOPICAL TERM
Topical term or geographic name entry element Integración económica
9 (RLIN) 38201
650 24 - SUBJECT ADDED ENTRY--TOPICAL TERM
Topical term or geographic name entry element Transformación productiva
9 (RLIN) 38202
710 1# - ADDED ENTRY--CORPORATE NAME
Corporate name or jurisdiction name as entry element Comisión Económica para América Latina y el Caribe
9 (RLIN) 3019
942 ## - ADDED ENTRY ELEMENTS (KOHA)
Source of classification or shelving scheme Dewey Decimal Classification
Koha item type Books
Existencias
Withdrawn status Lost status Source of classification or shelving scheme Damaged status Not for loan Home library Current library Shelving location Date acquired Source of acquisition Full call number Barcode Date last seen Copy number Price effective from Koha item type
    Dewey Decimal Classification     Biblioteca Pública José María del Castillo y Rada Biblioteca Pública José María del Castillo y Rada General Stacks 04/15/2018 Donación 338.98 / C733t 430002146 05/16/2024 Ej.1 03/10/2021 Books